| 000 | 00730nam a22002297a 4500 | ||
|---|---|---|---|
| 005 | 20170124105918.0 | ||
| 010 | _aA-779580 | ||
| 020 |
_c00.00 _a8185431639 |
||
| 035 | _aA-779580 | ||
| 037 | _bCen Lib/Ret | ||
| 040 |
_aDPL _bEN |
||
| 082 |
_a307.772 _bSAH |
||
| 100 |
_aSahu, Chaturbhuj _93537 |
||
| 245 |
_aThe santhal women : _cby Chaturbhuj Sahu _ba social profile / |
||
| 260 |
_aNew Delhi _bSarup and Sons _c1996 |
||
| 270 |
_a4740/23, Ansari Road, Darya Ganj _bNew Delhi _e110002 |
||
| 300 |
_aiv,184p. _c22cm(Hb) |
||
| 500 | _aIncludes bibliographical references and index | ||
| 650 |
_aEthnographic study--women _973750 |
||
| 650 |
_aIndian tribes-women _93539 |
||
| 942 |
_2ddc _cEN _h307.772 _mSAH |
||
| 999 |
_c122991 _d122991 |
||